Dhūpa aura bādala. (Record no. 65816)

MARC details
000 -LEADER
fixed length control field 00507cam a22002171 4500
001 - CONTROL NUMBER
control field sa 65008720
003 - CONTROL NUMBER IDENTIFIER
control field DLC
005 - DATE AND TIME OF LATEST TRANSACTION
control field 20260227112157.0
008 - FIXED-LENGTH DATA ELEMENTS--GENERAL INFORMATION
fixed length control field 891227s1965 ii 000 1 hino
010 ## - LIBRARY OF CONGRESS CONTROL NUMBER
LC control number sa 65008720
035 ## - SYSTEM CONTROL NUMBER
System control number (OCoLC)20822000
040 ## - CATALOGING SOURCE
Original cataloging agency DLC
Transcribing agency WaU
Modifying agency DLC
042 ## - AUTHENTICATION CODE
Authentication code premarc
050 00 - LIBRARY OF CONGRESS CALL NUMBER
Classification number PK2098.S49
Item number D4
100 1# - MAIN ENTRY--PERSONAL NAME
Personal name Sharma, Shri Ram,
Dates associated with a name 1909-
245 10 - TITLE STATEMENT
Title Dhūpa aura bādala.
260 ## - PUBLICATION, DISTRIBUTION, ETC.
Date of publication, distribution, etc. [1965]
300 ## - PHYSICAL DESCRIPTION
Extent 214 p.
Dimensions 19 cm.
500 ## - GENERAL NOTE
General note In Hindi.
500 ## - GENERAL NOTE
General note A novel.

No items available.

Powered by Koha